| 000 | 01468nam0a2200361 4500 | ||
|---|---|---|---|
| 001 | RU\NLR\BIBL_A\012549101 | ||
| 005 | 20210831162056.0 | ||
| 010 |
_a978-5-98066254-7 _9200 |
||
| 021 |
_aRU _bКН-П-21-006503 _9КН-П-21-0508 |
||
| 035 | _a(NLR Aleph) 012549101 | ||
| 035 | _a(RuMoRGB)010571776 | ||
| 090 |
_a12423909 _c12423909 |
||
| 100 | _a20210618d2020 m y0rusy50 ca | ||
| 101 | 0 | _arus | |
| 102 | _aRU | ||
| 105 | _aach 0 01|yy | ||
| 181 | 0 |
_ai _baxxe |
|
| 182 | 0 | _an | |
| 200 | 1 |
_aОчерки по истории села Биштюбинка _fРаис Алабердеев |
|
| 203 |
_aТекст _bвизуальный _cнепосредственный |
||
| 210 |
_aАстрахань _cИздательско-полиграфический комплекс "Волга" _d2020 |
||
| 215 |
_a267 с., [12] л. ил., цв. ил., портр., факс. _cил., портр. _d20 |
||
| 300 | _aНа обл. авт. не указан | ||
| 300 | _aПосвящается 450-летию села Биштюбинка | ||
| 320 | _aБиблиогр.: с. 242-251 | ||
| 607 |
_aБиштюбинка, село (Астраханская область) _xИстория _2nlr_sh2 _3RU\NLR\AUTH\6601692032 |
||
| 686 | 1 | _aТ3(2Р-4Ас)0,02 | |
| 700 | 1 |
_aАлабердеев _f1959- _gРаис Рашитович |
|
| 942 | _cBOOK | ||
| 980 | _aNBR | ||
| 980 | _aNB | ||